000 00339 a2200109 4500
001 ART_51833
005 20260410161810.0
008 260409a
245 1 0 _aInteligencia artificial y derecho concursal
100 1 _aTruffat, Edgardo Daniel
773 0 _tDoctrina Societaria y Concursal
_g- N° 399 (feb. 2021)
_wREV4298
999 _c21398
_d21398